The Interpreter's dictionary of the Bible : R-Z (Record no. 13367)
[ view plain ]
| 000 -LEADER | |
|---|---|
| fixed length control field | 01447cam a2200265c 4500 |
| 001 - CONTROL NUMBER | |
| control field | 13367 |
| 005 - DATE AND TIME OF LATEST TRANSACTION | |
| control field | 20251001113329.0 |
| 008 - FIXED-LENGTH DATA ELEMENTS--GENERAL INFORMATION | |
| fixed length control field | 760421s1962 nyuab bd 00000 eng |
| 010 ## - LIBRARY OF CONGRESS CONTROL NUMBER | |
| LC control number | 62009387 |
| 020 ## - INTERNATIONAL STANDARD BOOK NUMBER | |
| International Standard Book Number | 0687192706 (v. 1) : |
| Terms of availability | $44.95 |
| 020 ## - INTERNATIONAL STANDARD BOOK NUMBER | |
| International Standard Book Number | 0687192714 (v. 2) : |
| Terms of availability | $44.95 |
| 020 ## - INTERNATIONAL STANDARD BOOK NUMBER | |
| International Standard Book Number | 0687192730 (v. 4) : |
| Terms of availability | $35.00 |
| 020 ## - INTERNATIONAL STANDARD BOOK NUMBER | |
| International Standard Book Number | 0687192722 (v. 3) : |
| Terms of availability | $44.95 |
| 040 ## - CATALOGING SOURCE | |
| Original cataloging agency | BSULIB |
| 082 ## - DEWEY DECIMAL CLASSIFICATION NUMBER | |
| Classification number | 220.3 |
| Item number | INT |
| 245 04 - TITLE STATEMENT | |
| Title | The Interpreter's dictionary of the Bible : R-Z |
| Remainder of title | an illustrated encyclopedia identifying and explaining all proper names and significant terms and subjects in the Holy Scriptures, including the Aprocrypha, with attention to archaeological discoveries and researches into the life and faith of ancient times/ |
| Statement of responsibility, etc | [editorial board: George Arthur Buttrick, dictionary editor, and others] |
| 260 ## - PUBLICATION, DISTRIBUTION, ETC. (IMPRINT) | |
| Place of publication, distribution, etc | New York : |
| Name of publisher, distributor, etc | Abingdon Press, |
| Date of publication, distribution, etc | c1962. |
| 300 ## - PHYSICAL DESCRIPTION | |
| Extent | 4 v. : |
| Other physical details | ill (same col.) maps (same col.) ; |
| Dimensions | 27 cm. |
| 440 ## - SERIES STATEMENT/ADDED ENTRY--TITLE | |
| Volume number/sequential designation | V.4 |
| 504 ## - BIBLIOGRAPHY, ETC. NOTE | |
| Bibliography, etc | Includes bibliographies. |
| 520 ## - SUMMARY, ETC. | |
| Summary, etc | The Dictionary features: more than 7500 entries, with many terms not found in earlier works, full length articles on each book of the Bible, the Apocrypha and other extra-canonical books, including the Dead Sea Scrolls and the Gnostic manuscripts ; and on great theological concepts and doctrines of the Bible. |
| 630 00 - SUBJECT ADDED ENTRY--UNIFORM TITLE | |
| Uniform title | Bible |
| Form subdivision | Dictionaries. |
| 9 (RLIN) | 9582 |
| 700 1# - ADDED ENTRY--PERSONAL NAME | |
| Personal name | Buttrick, George Arthur, |
| Dates associated with a name | 1892-1980, |
| Relator term | editor. |
| 9 (RLIN) | 15752 |
| 942 ## - ADDED ENTRY ELEMENTS (KOHA) | |
| Source of classification or shelving scheme | Dewey Decimal Classification |
| Item type | Books |
| Withdrawn status | Lost status | Source of classification or shelving scheme | Damaged status | Not for loan | Home library | Current library | Shelving location | Date acquired | Source of acquisition | Inventory number | Total Checkouts | Full call number | Barcode | Date last seen | Copy number | Price effective from | Koha item type | Public note |
|---|---|---|---|---|---|---|---|---|---|---|---|---|---|---|---|---|---|---|
| Dewey Decimal Classification | Main Library | Main Library | Open Shelves | 01/10/2025 | Donation | 26044 | 220.3 INT | bsu25100016 | 01/10/2025 | 001 | 01/10/2025 | Books | Material available in hard copy |